Skład Widzewa Łódź 2025/26 - Statystyki

Ogólne statystyki
  • Ten quiz został rozwiązany 85 razy
  • Średni wynik to 16 z 29
Statystyki odpowiedzi
Kraj Zawodnik % Poprawnych
Hiszpania Francisco Alvarez
88%
Polska Rafał Gikiewicz
88%
Albania Julian Shehu
84%
Polska Maciej Kikolski
84%
Polska Sebastian Bergier
81%
Polska Mateusz Żyro
73%
Nigeria Samuel Akere
73%
Kosowo Dion Gallapeni
70%
Albania, Belgia Lindon Selahi
69%
Polska Mariusz Fornalczyk
69%
Czechy Marek Hanousek
67%
Hiszpania Ricardo Visus
67%
Hiszpania Angel Baena
66%
Polska Marcel Krajewski
64%
Polska, Kanada Antoni Klukowski
63%
Polska Bartłomiej Pawłowski
63%
Polska Jan Krzywański
55%
Dania Peter Therkildsen
53%
Polska Szymon Czyż
52%
Grecja Polydefkis Volanakis
48%
Słowacja Samuel Kozlowsky
36%
Polska Mikołaj Biegański
33%
Polska Kamil Cybulski
28%
Polska Leon Madej
27%
Francja Noah Diliberto
25%
Polska Paweł Kwiatkowski
19%
Polska Daniel Gryzio
16%
Polska Hubert Sobol
16%
Polska Nikodem Stachowicz
11%
Nie znaleziono quizów pasujących do podanych kryteriów
Rozkład punktacji
Procent ludzi z każdym wynikiem
Percentyl według liczby udzielonych odpowiedzi
Twoja historia wyników
Nie rozwiązałeś tego quizu